Confessioni di una maschera /

সংরক্ষণ করুন:
গ্রন্থ-পঞ্জীর বিবরন
প্রধান লেখক: Mishima, Yukio (লেখক)
অন্যান্য লেখক: Bonsanti, Marcella
বিন্যাস: গ্রন্থ
ভাষা:ইতালিয়
প্রকাশিত: Milano : Garzanti, 1976
মালা:I Garzanti ; 616
ট্যাগগুলো: ট্যাগ যুক্ত করুন
কোনো ট্যাগ নেই, প্রথমজন হিসাবে ট্যাগ করুন!

MARC

LEADER 00000nam a22000007i 4500
001 IT\ICCU\SBL\0019728
003 ItRI
005 20260220162530.0
008 910930s1976 it |||||| ||||| |||||c
015 |2 IT  |a 77-9186 
040 |b ita  |c Arcigay Genova 
041 7 |a ita  |2 ISO-639-2 
082 |a 895.6  |2 18 
100 1 |a Mishima, Yukio  |0 IT\ICCU\CFIV\002484  |4 aut 
240 1 0 |a Kamen no kokuhaku  |9 Mishima, Yukio 
245 1 0 |a Confessioni di una maschera /  |c Yukio Mishima. 
260 |a Milano :  |b Garzanti,  |c 1976 
300 |a 217 p. ;  |c 18 cm 
500 |a Traduzione dall'inglese di Marcella Bonsanti 
500 |a In copertina: La sconcertante autobiografia sentimentale di un giovane "esistenzialista" giapponese. 
700 1 |a Bonsanti, Marcella  |0 IT\ICCU\CFIV\066659 
830 2 |a I Garzanti ;  |v 616  |0 IT\ICCU\CFI\0000917 
942 |2 ddc  |c BK 
952 |0 0  |1 0  |2 ddc  |4 0  |6 B_LNR01MISYUCON11  |7 0  |9 4498  |a MI  |b MI  |d 1987-06-01  |i 137  |l 0  |o B-LNR01-MISYU-CON11  |p CDOM137  |r 2025-07-03 11:38:17  |w 2025-07-03  |x DONO  |y BK 
952 |0 0  |1 0  |4 0  |6 DOC_895_635000000000000_MIS  |7 0  |9 25167  |a BO  |b BO  |d 2026-01-15  |i 178  |l 0  |o DOC 895.635 MIS  |p BO178  |r 2026-01-15 23:24:01  |w 2026-01-15  |x [Sebina 5] [1 v.]  |y BK  |z 1 v. 
999 |c 3537  |d 3537